Statistics for NHL Teams By Past and present players

Click here to take the quiz!

General Stats

  • This quiz has been taken 367 times
  • The average score is 14 of 15

Answer Stats

HintAnswer% Correct
Mario Lemieux, Sidney CrosbyPittsburgh Penguins
100%
Wayne Gretzky, Taylor HallEdmonton Oilers
98%
Bobby Hull, Jonathan ToewsChicago Blackhawks
97%
Maurice Richard, Carey PriceMontreal Canadiens
97%
Bobby Orr, Zdeno CharaBoston Bruins
96%
Mark Messier, Henrik LundqvistNew York Rangers
96%
Peter Bondra, Alex OvechkinWashington Capitals
96%
Gordie Howe, Henrik ZetterbergDetroit Redwings
94%
Brett Hull, Vladimir TarasenkoSt.Louis Blues
94%
Martin Brodeur, Cory SchneiderNew Jersey Devils
93%
Martin St. Louis, Steven StamkosTampa Bay Lightning
93%
Pavel Bure, Daniel SedinVancouver Canucks
93%
Joe Nieuwendyk, Johnny GaudreauCalgary Flames
92%
Daniel Alfredsson, Erik KarlssonOttawa Senators
90%
Mats Sundin, James Van RiemsdykToronto Maple Leafs
89%

Score Distribution

Percentile by Number Answered

Percent of People with Each Score

Your Score History

You have not taken this quiz